| 000 -CABECERA |
| fixed length control field |
01022nam a22002057a 4500 |
| 003 - IDENTIFICADOR DEL NÚMERO DE CONTROL |
| control field |
AR-CdUCM |
| 008 - DATOS DE LONGITUD FIJA--INFORMACIÓN GENERAL |
| fixed length control field |
190401b ||||| |||| 00| 0 spa d |
| 040 ## - FUENTE DE LA CATALOGACIÓN |
| Agencia/entidad que catalogó originalmente la obra |
MUNICIPALIDAD PROVINCIAL DEL CUSCO |
| Entidad que transcribió la catalogación |
BIBLIOTECA MUNICIPAL DEL CUSCO |
| 082 ## - NÚMERO DE LA CLASIFICACIÓN DECIMAL DEWEY |
| No. de Clasificación |
396.2 / |
| Notacion interna |
P28 / 1947 |
| 100 ## - ENTRADA PRINCIPAL--NOMBRE DE PERSONA |
| Nombre Personal |
Patrón Faura, Pedro |
| 245 ## - MENCIÓN DE TÍTULO |
| Título |
Legislación de la mujer peruana : |
| Resto del título |
normas contenidas en la Constitución, en los códigos y en otras disposiciones relacionadas con la mujer en general, y en especial con las madres de familia, con las maestras y las empleadas y obreras al servicio del Estado y de empresas particulares / |
| 260 ## - PUBLICACIÓN, DISTRIBUCIÓN, ETC. |
| Lugar de publicación, distribución, etc. |
Lima : |
| Nombre de la editorial, distribuidor, etc. |
Impr. Enrique R. Lulti, |
| Fecha de publicación, distribución, etc. |
1947. |
| 300 ## - DESCRIPCIÓN FÍSICA |
| Nº de Páginas Extensión |
124 páginas ; |
| Dimensiones |
21 cm. |
| 505 ## - NOTA DE CONTENIDO CON FORMATO |
| Nota de contenido formateada |
Contenido: Derecho Constitucional -- Derecho Civil -- Derecho de las personas -- Derecho de secesión o de herencia -- Derecho Contractual -- Derecho Penal ... |
| 650 ## - PUNTO DE ACCESO ADICIONAL DE MATERIA--TÉRMINO DE MATERIA |
| Descriptor |
Derechos de la mujer |
| 9 (RLIN) |
11616 |
| 650 ## - PUNTO DE ACCESO ADICIONAL DE MATERIA--TÉRMINO DE MATERIA |
| Descriptor |
Perú |
| 9 (RLIN) |
35 |
| 650 ## - PUNTO DE ACCESO ADICIONAL DE MATERIA--TÉRMINO DE MATERIA |
| Descriptor |
Legislación |
| 9 (RLIN) |
2962 |
| 942 ## - ELEMENTOS DE PUNTO DE ACCESO ADICIONAL (KOHA) |
| Fuente de clasificación |
|
| Tipo de item |
Libros-BMC |
| 945 ## - PROCESAMIENTO DE INFORMACIÓN LOCAL (OCLC) |
| Catalogador |
achl |